Ekológia a ekonomika zložiek prírody a krajiny
Saved in:
| Main Author: | |
|---|---|
| Other Authors: | , , , , |
| Format: | Book |
| Language: | Slovak |
| Published: |
Nitra
Slovenská poľnohospodárska univerzita v Nitre
2004
|
| Subjects: | |
| Tags: |
No Tags, Be the first to tag this record!
|
MARC
| LEADER | 00000nam a2200000 4500 | ||
|---|---|---|---|
| 001 | 0120656 | ||
| 005 | 20240502072348.9 | ||
| 020 | |a 80-8069-347-1 | ||
| 041 | 0 | |a slo | |
| 044 | |a SK | ||
| 245 | 1 | 0 | |a Ekológia a ekonomika zložiek prírody a krajiny |c Ondrej Hronec a kolektív |
| 264 | 1 | |a Nitra |b Slovenská poľnohospodárska univerzita v Nitre |c 2004 | |
| 300 | |a 134 s. [12,74 AH] | ||
| 610 | 2 | 0 | |a ekológia |
| 610 | 2 | 0 | |a ekológia krajiny |
| 610 | 2 | 0 | |a ekonómia |
| 610 | 2 | 0 | |a príroda |
| 610 | 2 | 0 | |a prostredie životné |
| 100 | 1 | |a Hronec, Ondrej | |
| 700 | 1 | |a Petřvalský, Vladimír | |
| 700 | 1 | |a Vilček, Jozef | |
| 700 | 1 | |a Bedrna, Zoltán | |
| 700 | 1 | |a Andrejovský, Pavol, 1975- | |
| 700 | 1 | |a Adamišin, Peter | |